The UK for Americans - True or False - Statistics

General Stats
  • This quiz has been taken 58,375 times
  • The average score is 14 of 18
Answer Stats
Question Answer % Correct
You need a passport to travel between England and Scotland False
94%
The death penalty is still practiced in the U.K. False
87%
Eggs are usually NOT refrigerated at the grocery store True
86%
The south of England is wealthier than the north True
84%
Most people in Wales speak Welsh as their primary language False
83%
Great Britain has several active volcanoes False
83%
The Romans built Stonehenge False
80%
You must serve in the military to earn a knighthood False
80%
It is common for the groom to wear a kilt at a Scottish wedding True
80%
You have to pay an annual fee to watch live broadcasts on your home television True
78%
Technically, all laws passed by Parliament must be assented to by the King before they take effect True
75%
The Cayman Islands are a territory of the United Kingdom True
74%
Muhammad is the most common first name for baby boys born in London True
71%
Some of the coins used in the U.K. aren't circular True
70%
"The Hound and Hares" is the most common names for pubs in the U.K. False
69%
The United Kingdom has a written Constitution similar to the United States False
57%
The word "soccer" originally comes from the U.K. True
56%
The Cockney accent comes from industrial towns in the north of England False
55%
No matching quizzes found
Score Distribution
Percent of People with Each Score
Percentile by Number Answered
Your Score History
You have not taken this quiz